MARC

LEADER 00000nam0a2200000 4500
001 296443
005 20231102000915.0
035 |a (RuTPU)RU\TPU\book\321550 
090 |a 296443 
100 |a 20150530d1984 k y0rusy50 ca 
101 0 |a rus 
102 |a UZ 
105 |a a z 001zy 
200 1 |a Гидрогеологическое значение разломов  |f С. Ш. Мирзаев, Р. Ишанкулов  |g Институт гидрогеологии и инженерной геологии (Гидроингео) 
210 |a Ташкент  |c Фан  |d 1984 
215 |a 117 с.  |c ил. 
320 |a Библиогр.: с.112-116 
606 |a Разломы глубинные  |2 stltpush  |3 (RuTPU)RU\TPU\subj\23610  |9 48173 
610 1 |a гидрогеологическое значение 
610 1 |a Кызылкумы 
610 1 |a воды подземные 
675 |a 551.243.8  |v 4 
700 1 |a Мирзаев  |b С. Ш.  |g Сайдирахман Шаабдиевич 
701 1 |a Ишанкулов  |b Р.  |g Рустам 
712 0 2 |a Институт гидрогеологии и инженерной геологии (Гидроингео)  |c (Ташкент)  |2 stltpush  |3 (RuTPU)RU\TPU\col\17073 
801 1 |a RU  |b 63413507  |c 20150530 
801 2 |a RU  |b 63413507  |c 20180510  |g RCR 
942 |c BK